30 Largest Cities in the West South-Central USA - Statistics

General Stats
  • This quiz has been taken 43 times
  • The average score is 20 of 30
Answer Stats
Picture Answer % Correct
Dallas
94%
Houston
94%
Austin
91%
New Orleans
91%
San Antonio
91%
El Paso
85%
Baton Rouge
82%
Fort Worth
82%
Oklahoma City
82%
Corpus Christi
79%
Amarillo
76%
Little Rock
76%
Tulsa
76%
Lubbock
74%
Laredo
68%
Shreveport
65%
Arlington
62%
Brownsville
62%
Plano
59%
Waco
59%
McAllen
56%
Frisco
50%
Irving
50%
Garland
47%
Pasadena
44%
Grand Prairie
41%
McKinney
35%
Denton
29%
Killeen
26%
Mesquite
26%
No matching quizzes found
Score Distribution
Percent of People with Each Score
Percentile by Number Answered
Your Score History
You have not taken this quiz